[Event "Bayernliga U20 1617"]
[Site "Bayern"]
[Date "2016.12.10"]
[Round "3.5"]
[White "Braun, Kristin"]
[Black "Gorka, Merle"]
[Result "1-0"]
[WhiteElo "1823"]
[BlackElo "1240"]
[PlyCount "115"]
[EventDate "2016.11.12"]
[EventType "team-tourn"]
[EventRounds "7"]
[EventCountry "GER"]
[SourceTitle "EXT 2022"]
[Source "ChessBase"]
[SourceDate "2021.10.06"]
[SourceVersion "1"]
[SourceVersionDate "2021.10.06"]
[SourceQuality "1"]
[WhiteTeam "Forchheim SC U20"]
[BlackTeam "Hoechstadt SC U20"]
[WhiteTeamCountry "GER"]
[BlackTeamCountry "GER"]

1. d4 f5 2. Bg5 Nf6 3. Bxf6 exf6 4. c4 Bb4+ 5. Nc3 Bxc3+ 6. bxc3 0-0 7. Nf3 d6 8. e3 Nc6 9. Bd3 d5 10. cxd5 Qxd5 11. Qb3 Be6 12. Qxd5 Bxd5 13. Bxf5 Ne7 14. Bd3 Rfe8 15. Kd2 Ng6 16. Bxg6 hxg6 17. Rhg1 Re6 18. Ne1 Rb6 19. Nd3 Bc4 20. g3 Ra6 21. a3 Rd8 22. Nc5 Rb6 23. Rab1 Rc6 24. Nxb7 Rd5 25. e4 Rb5 26. Rxb5 Bxb5 27. Nc5 Rb6 28. Rb1 Bc4 29. Rxb6 axb6 30. Nd3 Bxd3 31. Kxd3 Kf7 32. Kc4 Ke6 33. f4 Kd6 34. e5+ fxe5 35. dxe5+ Ke6 36. Kb5 Kd7 37. a4 Ke6 38. Kc6 Ke7 39. Kxc7 b5 40. axb5 Ke6 41. b6 Kd5 42. b7 Ke4 43. b8Q Kf3 44. Qb7+ Kg4 45. Qg2 Kf5 46. h3 Ke6 47. Qe4 g5 48. f5+ Kf7 49. Qd5+ Kf8 50. Kd8 g6 51. f6 g4 52. e6 Kg8 53. Qg5 gxh3 54. Qxg6+ Kh8 55. Qh6+ Kg8 56. Qxh3 Kf8 57. Qh6+ Kg8 58. f7# 1-0